| 000 | 00444nam a2200145 a 4500 | ||
|---|---|---|---|
| 001 | 1982 | ||
| 003 | CDMR | ||
| 005 | 20130730104439.0 | ||
| 008 | 130130s1995||||||||||||||||||||||||||||d | ||
| 040 |
_aCDMR _bcat _cCPC GIRONA |
||
| 100 | 1 |
_aCosta i Fernández, Lluís _9647 |
|
| 245 | 1 | 3 |
_aLa dictadura de Primo de Rivera (1923-1930) _bComunicació i propaganda a les comarques de Girona _cCosta, Lluís |
| 260 |
_c1995 _bRafael Dalmau |
||
| 942 |
_cMON _2udc |
||
| 999 |
_c1982 _d1982 |
||